| 000 | 01409nam a22003017i 4500 | ||
|---|---|---|---|
| 999 |
_c22773 _d22773 |
||
| 003 | AR-CdUCM | ||
| 008 | 240130b20212021pe ||||| |||| 00| 0 spa d | ||
| 020 | _a978-612-4392-38-2 | ||
| 040 |
_aMUNICIPALIDAD PROVINCIAL DEL CUSCO _cBIBLIOTECA MUNICIPAL DEL CUSCO |
||
| 041 | _hspa | ||
| 082 |
_a378.04985AC / A32 _bA32 |
||
| 100 |
_aAguirre Abarca, Ana Elizabeth _949379 |
||
| 245 | _aAcreditación Internacional Universidad Andina del Cusco / | ||
| 260 |
_aCusco : _bUniversidad Andina del Cusco, _c2021 |
||
| 300 |
_a204 páginas. : _c23 cm. |
||
| 500 | _zBibliografía: páginas 2003-2004 | ||
| 505 | _aEvaluación de la calidad universitaria en América Latina -- Modelo del análisis estructural integrativo de organizaciones universitarias -- Acreditación Nacional -- Modelo de evaluación-planeación-RIEV -- Análisis del proceso educativo -- Modelo educativo -- Perfil general del egresado -- Dirección de tecnologías de la información | ||
| 650 |
_aAcreditación internacional _949380 |
||
| 650 |
_aCalidad de educación superior _949381 |
||
| 650 |
_aPlan estratégico institucional - POI _949382 |
||
| 650 |
_aPlan de estudios _91745 |
||
| 650 |
_aLíneas de investigación _949383 |
||
| 650 |
_aBienestar universitario (BU) _949384 |
||
| 650 |
_aAcreditación de escuelas profesionales _949385 |
||
| 856 | _fwww.uandina.edu.pe | ||
| 942 |
_2ddc _cLIBROS |
||
| 945 |
_apbj _d30-01-2024 |
||